000 00579cam a22002054a 4500
005 20250605164158.0
008 250528s ||||||||||||||||||||||||d
035 _a19687
020 _a9600220107
040 _aGR-AtMCL
_bgre
_dGR-AtMCL
_eAACR2
245 1 _aΕΙΣΑΓΩΓΗ ΣΤΙΣ ΜΑΚΡΟΟΙΚΟΝΟΜΙΚΕΣ ΕΝΝΟΙΕΣ
250 _a1
260 _bΠαπαζήση,
_c2006
300 _a407
700 1 _aΒαβουρας Ιωαννης Σ
_95894
700 1 _aΜανωλας Γεωργιος Α
_95895
942 _cBK
999 _c4943
_d4943